000 00564nam a22001817a 4500
999 _c524919
_d524919
003 NUST
038 _awaseem
082 _a891.421
_b GIL
100 _aGilani, Afzaal Hussain
_915719
245 _aBadly Rang Dharikan /
_cAfzaal Hussain Gilani
260 _aOkara :
_bSyed Ali Sani Gilani,
_c2004.
300 _a111 p. ;
500 _aHard cover.
880 _6100-01\r
_aافضال حُسین گیلانی
880 _6245-02\r
_aبدلے رنگ دھریکاں /
880 _6260-03\r
_aاوکاڑہ :
_bسید علی ثانی گیلانی,
942 _2ddc
_cBK